000 00934nam a2200253 a 4500
001 BRCA_1232
005 20190320203334.0
008 940126s1990 mx-a---###---#001-0#spa-#
020 _a9686258019 (Obra completa)
040 _aDLC
_cDLC
041 _aeng
_hspa
050 4 _aNA757.M4
_b.T68 1990
100 1 _aTovar de Teresa, Guillermo
_d1956-
_9559
245 1 0 _aLa ciudad de los palacios
_bcrónica de un patrimonio perdido
_cGuillermo Tovar de Teresa ; textos introductorios Enrique Krauze, José E. Iturriaga.
260 _aMéxico
_bVuelta : Fundación Cultural Televisa
_c1990.
300 _a2 v.
_bil., mapas
_c32 cm.
500 _aIncluye índice onomástico y topónimo
650 1 4 _aArquitectura perdida
_zMéxico
_94048
650 1 4 _aCalles
_zMéxico
_94049
651 4 _aCiudad de México
_xEdificios, estructuras, etc.
_91264
700 1 _aKrauze, Enrique
_92501
700 1 _aIturriaga, José E
_94050
942 _2lcc
_cB
999 _c1102
_d1102